How to Read Faces: A System of Practical and Scientific Physiognomy (Record no. 204983)

MARC details
000 -LEADER
fixed length control field 00628nam a2200169 4500
010 ## - LCCN (DPL NO)
LC control number ENG-141314-15
020 ## - INTERNATIONAL STANDARD BOOK NUMBER
International Standard Book Number 8187077972
Terms of availability 1095.00 (Sets of 2 vol.)
035 ## - SYSTEM CONTROL NUMBER
System control number EN-124846-47
037 ## - SOURCE OF ACQUISITION
Source of stock number/acquisition DBAD
082 ## - DEWEY DECIMAL CLASSIFICATION NUMBER
Classification number 138
100 ## - MAIN ENTRY--PERSONAL NAME
Personal name Stanton, Mary Olmsted
245 ## - TITLE STATEMENT
Title How to Read Faces: A System of Practical and Scientific Physiognomy
Remainder of title 380 Profusely Illustrations /
Statement of responsibility, etc by Mary Olmsted Stanton
260 ## - PUBLICATION, DISTRIBUTION, ETC. (IMPRINT)
Place of publication, distribution, etc New Delhi
Name of publisher, distributor, etc Ajay Book Service
Date of publication, distribution, etc 2011
270 ## - ADDRESS
Address 4215/1, Ansari Road Daryaganj,
City New Delhi
Postal code 110002
300 ## - PHYSICAL DESCRIPTION
Extent 2vol.(xxii,597;xx,1230p.)
Other physical details Index
Dimensions 23cm(Hb)
942 ## - ADDED ENTRY ELEMENTS (KOHA)
Source of classification or shelving scheme Dewey Decimal Classification
Item type English Books
Classification part 138
Call number suffix STA
Holdings
Withdrawn status Lost status Materials specified (bound volume or other part) Not for loan Collection code Home library Current library Date acquired Source of acquisition Cost, normal purchase price Full call number Barcode Copy number Cost, replacement price Koha item type
    Vol- 1   Reference Patel Nagar Patel Nagar 09/08/2024 DBAD 1095.00 138 STA EN-124846 1 1095.00 English Books
    Vol- 2   Reference Patel Nagar Patel Nagar 09/08/2024 DBAD 1095.00 138 STA EN-124847 1 1095.00 English Books

© Delhi Public Library
Hit Counter
free hit counter